000 01051nam a22002897a 4500
003 OSt
005 20250915005812.0
008 250915t2012 |||||||| |||| 00| | eng d
020 _a978-049-589-887-0
040 _cJMCFI - Learning Resource Center
082 _aF.P./G.Ed. 302.23 B225 2012
100 _aBaran, Stanley J
_942399
245 _aMass communication theory :
_bfoundations, ferment, and future /
_cStanley J. Baran and Dennis K. Davis.
250 _aSixth edition.
260 _aAustralia :
_bWadsworth Cengage Learning,
_c2012.
300 _axxiv, 392 pages ;
_c23 cm
500 _aIncludes indexes and biographical records.
504 _aIncludes bibliographical references.
650 _aMass media
_xPhilosophy.
_942400
650 _aMass communication
_xTheoretical modes.
_942401
650 _aCommunication theory.
_942402
650 _aMass media
_xSocial aspects.
_942403
650 _aMass media.
_922645
650 _aMass communication.
_942404
700 _aDavis, Dennis K
_942405
942 _2ddc
_cBK
_eSixth edition
_n0
999 _c13749
_d13749